Cinq siècles de mathématiques en France / (Record no. 12778)

000 -LEADER
fixed length control field 00553cam a2200169 a 4500
020 ## - INTERNATIONAL STANDARD BOOK NUMBER
ISBN 2914935382
040 ## - CATALOGING SOURCE
Transcribing agency STF
082 ## - DEWEY DECIMAL CLASSIFICATION NUMBER
Classification number 510 ADP 2005 A034 Or.
100 1# - MAIN ENTRY--AUTHOR NAME
Personal name Berger, Marcel,
245 10 - TITLE STATEMENT
Title Cinq siècles de mathématiques en France /
246 3# - VARYING FORM OF TITLE
Title proper/short title 5 siècles de mathématiques en France
260 ## - PUBLICATION, DISTRIBUTION, ETC. (IMPRINT)
Place of publication Paris :
Name of publisher ADPF-Ministère des affaires étrangères,
Year of publication c2005.
300 ## - PHYSICAL DESCRIPTION
Number of Pages 287 p., [8] p. of plates :
Other physical details ill. (some col.) ;
Dimensions 25 cm.
650 #0 - SUBJECT ADDED ENTRY--TOPICAL TERM
Topical Term Mathematics
710 2# - ADDED ENTRY--CORPORATE NAME
Corporate name or jurisdiction name as entry element Association pour la diffusion de la pensée française.
942 ## - ADDED ENTRY ELEMENTS (KOHA)
Koha item type សៀវភៅភាសាបារាំង
952 ## - LOCATION AND ITEM INFORMATION (KOHA)
Withdrawn status [LOCAL, KOHA] 0
Holdings
Permanent Location Date acquired Koha item type Lost status Shelving location Barcode Current Location Full call number
Library Block A2017-08-17សៀវភៅភាសាបារាំង A034A16995Library Block A510 ADP 2005 A034 Or.
មជ្ឈមណ្ឌលឯការនៃសាកលវិទ្យាល័យភូមិន្ទកសិកម្មចំការដូង

Powered by Koha